000
00305nam a22001337a 4500
008
181203b xxu||||| |||| 00| 0 eng d
020
_a
9780072858686
041
_a
eng
080
_2
4th
_a
336
100
_a
56
101
_a
FIN
245
_a
Essentials of Corporate Finance
_c
Ross,S.A
942
_2
udc
_c
BK
999
_c
52742
_d
52742